LDR 00740naa#a2200193#i#450# 001 EN\\bibl\124879 005 20260607081521.7 011 ## _a2073-1574 100 ## _a20260529b2026####ek#y0engy0150####ca 102 ## _aRU 200 1# _aDesign, structural, and algorithmic features in the analysis of a valve electric drive _eJournal article 210 1# _aAstrakhan _cAstrakhan State Technical University _d2026 215 ## _a8 с. 608 ## _aJournal article _2local 675 ## _aТехнические средства для эксплуатации и управления судами. 629.5.07 _z 700 #1 _aGerman-Galkin _gSergei Germanovich 700 #1 _aGrishakov _gEvgenii Sergeevich 700 #1 _aSenkov _gAlexey Petrovich 856 4# _avestnik.astu.org _u